Dialectos de Colombia - Estadísticas

Estadísticas generales
  • Esta prueba ha sido intentada 9 veces
    6 desde el último reinicio
  • La puntuación promedio es 10 de 20
Estadísticas de respuestas
Dialecto % Correcto
Antioqueño / Paisa
100%
Bogotano / Rolo
100%
Guajiro
80%
Cachaco
60%
Huilense / Opita
60%
Llanero
60%
Nariñense / Pastuso
60%
Sanandresano / Isleño
60%
Vallenato
60%
Amazónico
40%
Caucano
40%
Chocoano
40%
Cundiboyacense
40%
Santandereano
40%
Tolimense
40%
Tumaqueño
40%
Vallecaucano / Valluno
40%
Palenquero
20%
Sabanero
20%
Samario
20%
No se encontraron pruebas coincidentes
Distribución de puntuación
Porcentaje de gente con cada puntuación
Porcentaje por número respondido
Historial de tus puntuaciones
No has intentado esta prueba desde el último reinicio